MARC details
| 000 -LEADER |
| fixed length control field |
02116cam a2200541 4500 |
| 001 - CONTROL NUMBER |
| control field |
21539 |
| 003 - CONTROL NUMBER IDENTIFIER |
| control field |
VRT |
| 005 - DATE AND TIME OF LATEST TRANSACTION |
| control field |
20260303163603.0 |
| 008 - FIXED-LENGTH DATA ELEMENTS--GENERAL INFORMATION |
| fixed length control field |
240108s2023 xo a c 010 j slo |
| 015 ## - NATIONAL BIBLIOGRAPHY NUMBER |
| National bibliography number |
SNBA2024/03 |
| 020 ## - INTERNATIONAL STANDARD BOOK NUMBER |
| International Standard Book Number |
9788056637128 |
| Qualifying information |
(viazané) |
| 039 #9 - LEVEL OF BIBLIOGRAPHIC CONTROL AND CODING DETAIL [OBSOLETE] |
| Level of rules in bibliographic description |
202407021130 |
| Level of effort used to assign nonsubject heading access points |
AUTHORITY |
| Level of effort used to assign subject headings |
202406101338 |
| Level of effort used to assign classification |
AUTHORITY |
| Level of effort used to assign subject headings |
202403041014 |
| Level of effort used to assign classification |
msnk176 |
| Level of effort used to assign subject headings |
202401221501 |
| Level of effort used to assign classification |
msnk04 |
| 040 ## - CATALOGING SOURCE |
| Original cataloging agency |
SVKBB |
| Language of cataloging |
slo |
| Transcribing agency |
SVKBB |
| Modifying agency |
SNK |
| Description conventions |
rda |
| 041 1# - LANGUAGE CODE |
| Language code of text/sound track or separate title |
slo |
| Language code of original |
eng |
| 044 ## - COUNTRY OF PUBLISHING/PRODUCING ENTITY CODE |
| MARC country code |
xo |
| ISO country code |
SK |
| 072 #7 - SUBJECT CATEGORY CODE |
| Subject category code |
821.111-3 |
| Subject category code subdivision |
Anglická próza, anglicky písaná |
| Source |
konspekt |
| 072 #7 - SUBJECT CATEGORY CODE |
| Subject category code |
821-93 |
| Subject category code subdivision |
Literatúra pre deti a mládež (beletria) |
| Source |
konspekt |
| 080 ## - UNIVERSAL DECIMAL CLASSIFICATION NUMBER |
| Universal Decimal Classification number |
821.111-32 |
| Edition identifier |
2011 |
| 080 ## - UNIVERSAL DECIMAL CLASSIFICATION NUMBER |
| Universal Decimal Classification number |
(093.3) |
| Edition identifier |
2011 |
| 080 ## - UNIVERSAL DECIMAL CLASSIFICATION NUMBER |
| Universal Decimal Classification number |
82-93-053.4/.5 |
| Edition identifier |
2011 |
| 100 1# - MAIN ENTRY--PERSONAL NAME |
| Personal name |
Johnson, Pete, |
| Dates associated with a name |
1965- |
| Relationship |
aut |
| 240 10 - UNIFORM TITLE |
| Uniform title |
How to update your parents |
| Language of a work |
Slovensky |
| 245 10 - TITLE STATEMENT |
| Title |
Ako si updatovať rodičov |
| Statement of responsibility, etc. |
Pete Johnson ; z anglického originálu How to update your parents ... preložila Kristína Horková |
| 250 ## - EDITION STATEMENT |
| Edition statement |
Druhé slovenské vydanie |
| 264 #1 - PRODUCTION, PUBLICATION, DISTRIBUTION, MANUFACTURE, AND COPYRIGHT NOTICE |
| Place of production, publication, distribution, manufacture |
Bratislava |
| Name of producer, publisher, distributor, manufacturer |
Fragment |
| Date of production, publication, distribution, manufacture, or copyright notice |
2023 |
| 300 ## - PHYSICAL DESCRIPTION |
| Extent |
247 strán |
| Other physical details |
čiernobiele ilustrácie |
| Dimensions |
20 cm |
| 336 ## - CONTENT TYPE |
| Content type term |
text |
| Content type code |
txt |
| Source |
rdacontent |
| 337 ## - MEDIA TYPE |
| Media type term |
bez média |
| Media type code |
n |
| Source |
rdamedia |
| 338 ## - CARRIER TYPE |
| Carrier type term |
zväzok |
| Carrier type code |
nc |
| Source |
rdacarrier |
| 500 ## - GENERAL NOTE |
| General note |
Vydalo vydavateľstvo Fragment v spoločnosti Albatros Media Slovakia, s.r.o. |
| 521 1# - TARGET AUDIENCE NOTE |
| Target audience note |
Pre čitateľov od 10 rokov |
| 655 #7 - INDEX TERM--GENRE/FORM |
| Genre/form data or focus term |
anglické príbehy |
| Source of term |
SNKPH |
| 655 #7 - INDEX TERM--GENRE/FORM |
| Genre/form data or focus term |
English stories |
| Source of term |
SNKPHeng |
| 655 #7 - INDEX TERM--GENRE/FORM |
| Genre/form data or focus term |
literatúra pre deti |
| Source of term |
SNKPH |
| 655 #7 - INDEX TERM--GENRE/FORM |
| Genre/form data or focus term |
Children's literature |
| Source of term |
SNKPHeng |
| 655 #7 - INDEX TERM--GENRE/FORM |
| Genre/form data or focus term |
denníky |
| Source of term |
SNKPH |
| 655 #7 - INDEX TERM--GENRE/FORM |
| Genre/form data or focus term |
Diaries |
| Source of term |
SNKPHeng |
| 700 1# - ADDED ENTRY--PERSONAL NAME |
| Personal name |
Horková, Kristína |
| Titles and other words associated with a name |
(prekladateľka) |
| Relationship |
trl |
| 700 1# - ADDED ENTRY--PERSONAL NAME |
| Personal name |
Catlow, Nikalas, |
| Dates associated with a name |
1975- |
| Relationship |
ill |
| 710 2# - ADDED ENTRY--CORPORATE NAME |
| Corporate name or jurisdiction name as entry element |
Albatros Media Slovakia. |
| Subordinate unit |
Fragment |
| Relationship |
pbl |
| 787 08 - OTHER RELATIONSHIP ENTRY |
| Relationship information |
Zo série: |
| Title |
Louisovi rodičia |
| Related parts |
4 |
| 942 ## - ADDED ENTRY ELEMENTS (KOHA) |
| Source of classification or shelving scheme |
Dewey Decimal Classification |
| Koha item type |
Krásna literatúra pre deti |
| Suppress in OPAC |
No |
| 949 ## - LOCAL PROCESSING INFORMATION (OCLC) |
| 6 |
273K0686177 |
| a |
svkpoA 254436 |
| b |
svkpo676545 |
| 949 ## - LOCAL PROCESSING INFORMATION (OCLC) |
| 6 |
17A1541481 |
| a |
snkSD 92170 |
| b |
snk2024/1208 |
| o |
2009/2023 |
| 949 ## - LOCAL PROCESSING INFORMATION (OCLC) |
| 6 |
17A1541482 |
| a |
snkSD 92170 D1 |
| b |
snk2024/1209 |
| o |
2009/2023 |
| 949 ## - LOCAL PROCESSING INFORMATION (OCLC) |
| 6 |
270001000674700 |
| a |
svkbbA 168429-4 |
| b |
svkbbm 808717 |